World soil resources reports; N93 Land resources information systems in Asia,Proceedings of a Regional workshop held in Quezon City, the Philippines 25-27 January 2000
Salvato in:
| Autore principale: | |
|---|---|
| Natura: | Libro |
| Lingua: | Undetermined |
| Pubblicazione: |
Rome
FAO
2000
|
| Soggetti: | |
| Tags: |
Aggiungi Tag
Nessun Tag, puoi essere il primo ad aggiungerne! !
|
| Thư viện lưu trữ: | Trung tâm Học liệu Trường Đại học Cần Thơ |
|---|
| LEADER | 00560nam a2200181Ia 4500 | ||
|---|---|---|---|
| 001 | CTU_42745 | ||
| 008 | 210402s9999 xx 000 0 und d | ||
| 082 | |a 631 | ||
| 082 | |b W927/N93 | ||
| 100 | |a FAO | ||
| 245 | 0 | |a World soil resources reports; N93 | |
| 245 | 0 | |b Land resources information systems in Asia,Proceedings of a Regional workshop held in Quezon City, the Philippines 25-27 January 2000 | |
| 245 | 0 | |c FAO | |
| 260 | |a Rome | ||
| 260 | |b FAO | ||
| 260 | |c 2000 | ||
| 650 | |a soil science | ||
| 980 | |a Trung tâm Học liệu Trường Đại học Cần Thơ | ||